000 00716nam a2200289Ia 4500
005 20250425161854.0
008 250425s9999 xx 000 0 und d
020 _a8480882107
041 _aspa
043 _asp
082 _a158.7
100 _aORDONEZ ORDONEZ, MIGUEL COO
245 0 _aPSICOLOGIA DEL TRABAJO Y GESTION DE RECURSOS HUMANOS
250 _a1A ED.
260 _aBARCELONA
260 _aEspaña
_bGESTION 2000
_c1997
300 _a445
500 _aCOORDINADOR MIGUEL ORDOÑEZ
650 _aGESTION DE RECURSOS HUMANOS
650 _aGRUPOS
650 _aPSICOLOGIA
650 _aRELACIONES LABORALES
650 _aTRABAJO
710 _aAEDIPE
942 _c01
010 _a33236
999 _c217867
_d217867